Подробности
| 000 -МАРКЕР |
| контрольное поле |
07455njm0a22005171 4500 |
| 001 - ИДЕНТИФИКАТОР ЗАПИСИ |
| контрольное поле |
RU\NLR\ONIZ\215868 |
| 005 - ИДЕНТИФИКАТОР ВЕРСИИ |
| контрольное поле |
20250708192727.0 |
| 035 ## - ДРУГИЕ СИСТЕМНЫЕ НОМЕРА |
| Идентификатор записи |
(NLR Aleph) 011338220 |
| 035 ## - ДРУГИЕ СИСТЕМНЫЕ НОМЕРА |
| Идентификатор записи |
RU\NLR\ONIZ\GALA\5000029426\20161130124846 |
| 071 00 - ИЗДАТЕЛЬСКИЙ НОМЕР |
| Номер, присвоенный агентством |
SMC CD 0150 |
| 100 ## - ДАННЫЕ ОБЩЕЙ ОБРАБОТКИ |
| Данные общей обработки |
20161130d2013 |||y0rusy50 ca |
| 102 ## - СТРАНА ПУБЛИКАЦИИ ИЛИ ПРОИЗВОДСТВА |
| Страна публикации |
российская федерация |
| 126 ## - ПОЛЕ КОДИРОВАННЫХ ДАННЫХ: ЗВУКОЗАПИСИ - ФИЗИЧЕСКИЕ ХАРАКТЕРИСТИКИ |
| Кодированные данные звукозаписи (общие) |
aguxjxu ux |
| Кодированные данные звукозаписи (уточнения) |
xxx |
| 127 ## - ПОЛЕ КОДИРОВАННЫХ ДАННЫХ: ПРОДОЛЖИТЕЛЬНОСТЬ ЗВУКОЗАПИСЕЙ И НОТНЫХ ИЗДАНИЙ (МУЗЫКАЛЬНОЕ ИСПОЛНЕНИЕ) |
| Продолжительность |
000068 |
| 135 ## - ПОЛЕ КОДИРОВАННЫХ ДАННЫХ: ЭЛЕКТРОННЫЕ РЕСУРСЫ |
| Кодированные данные для электронного ресурса |
honoannnanndn |
| 200 1# - ЗАГЛАВИЕ И СВЕДЕНИЯ ОБ ОТВЕТСТВЕННОСТИ |
| Основное заглавие |
[Поет] Луиз Маршалл, сопрано |
| Общее обозначение материала |
Звукозапись |
| Первые сведения об ответственности |
партия фп. У. Килберн |
| 210 ## - ПУБЛИКАЦИЯ, РАСПРОСТРАНЕНИЕ И ДР. |
| Место издания, распространения и т.д. |
Москва |
| Имя издателя, распространителя и т. д. |
Московская государственная консерватория |
| Дата издания, распространения и т.д. |
2013 |
| 215 ## - ФИЗИЧЕСКАЯ ХАРАКТЕРИСТИКА |
| Специфическое обозначение материала и объем |
1 зв.диск (68 мин), в футл. |
| Сопроводительный материал |
прил. (11 с.) |
| 300 ## - ОБЩИЕ ПРИМЕЧАНИЯ |
| Текст примечания |
Запись 1962г. |
| 327 1# - ПРИМЕЧАНИЯ О СОДЕРЖАНИИ |
| Текст примечания |
1. Misera, dove son! : сцена и ария : K 369 / В. А. Моцарт. |
| -- |
2. Весеннее утро : (1886) / Г. Малер ; сл. Р. Леандера ; |
| -- |
3. В полночь : (1901) / Г. Малер ; сл. Ф. Рюккерта ; |
| -- |
4. Не увидеться вновь : (1892) / Г. Малер ; сл. из "Волшебного рога мальчика". |
| -- |
5. Романс Маргариты : (Любовь меня сжигает) : из драматической легенды "Осуждение Фауста", ч. 4 № 15 : op. 24 / Г. Берлиоз. |
| -- |
6. Любовь поэта : вокальный цикл на стихи Г. Гейне / Р. Шуман. |
| -- |
7. Hark! The Echoing Air a Triumph Sings : Ария из оперы "Королева фей" (5 акт, № 48) : Z. 629 / Г. Пёрселл. |
| -- |
8. Ария Лиу : из оперы "Турандот", (3д. сцена 1) / Д. Пуччини. |
| -- |
9. Polo : из цикла "Семь испанских народных песен" / М. де Фалья. |
| -- |
10. Хей-хо, хей-хай! : из цикла обработки нар. песен (т.2 № 8) / Б. Бриттен |
| 464 #0 - АНАЛИТИЧЕСКИЙ УРОВЕНЬ |
| Встроенное поле |
2001#$aMisera, dove son!$eсцена и ария$eK 369$fВ. А. Моцарт |
| -- |
686##$aЩ943.1-042(4А)$vLBC/SL$2rubbk |
| -- |
700#1$9z01790$aМоцарт$bВ. А.$gВольфганг Амадей$f1756-1791$4230 |
| -- |
790#1$9z01700$aMozart$bW. A.$gWolfgang Amadeus$f1756-1791$4230 |
| Заглавие |
Misera, dove son! |
| Автор |
Моцарт, Вольфганг Амадей (1756-1791) |
| 464 #0 - АНАЛИТИЧЕСКИЙ УРОВЕНЬ |
| Встроенное поле |
2001#$aВесеннее утро$e(1886)$fГ. Малер$gсл. Р. Леандера |
| -- |
686##$aЩ943.1-043.3(4Г)$vLBC/SL$2rubbk |
| -- |
700#1$9z01790$aМалер$bГ.$gГустав$f1860-1911$3RU\NLR\AUTH\7718194$4230 |
| -- |
702#1$9z02790$aФолькман$bР. фон$f1830-1889$gРихард фон$3RU\NLR\AUTH\770216654$4070 |
| -- |
790#1$9z01700$aMahler$bG.$gGustav$f1860-1911$3RU\NLR\AUTH\7718194$4230 |
| -- |
790#1$9z02702$aVolkmann-Leander$bR. von$f1830-1889$gRichard von$3RU\NLR\AUTH\770255813$4070 |
| Заглавие |
Весеннее утро |
| Автор |
Малер, Густав (1860-1911) |
| 464 #0 - АНАЛИТИЧЕСКИЙ УРОВЕНЬ |
| Встроенное поле |
2001#$aВ полночь$e(1901)$fГ. Малер$gсл. Ф. Рюккерта |
| -- |
686##$aЩ943.1-043.3(4Г)$vLBC/SL$2rubbk |
| -- |
700#1$9z01790$aМалер$bГ.$gГустав$f1860-1911$3RU\NLR\AUTH\7718194$4230 |
| -- |
702#1$9z02790$aРюкерт$bФ.$gФридрих$f1788-1866$4520 |
| -- |
790#1$9z01700$aMahler$bG.$gGustav$f1860-1911$3RU\NLR\AUTH\7718194$4230 |
| -- |
790#1$9z02702$aRückert$bF.$gFriedrich$cpoet$f1788-1866$4520 |
| Заглавие |
В полночь |
| Автор |
Малер, Густав (1860-1911) |
| 464 #0 - АНАЛИТИЧЕСКИЙ УРОВЕНЬ |
| Встроенное поле |
2001#$aНе увидеться вновь$e(1892)$fГ. Малер$gсл. из "Волшебного рога мальчика" |
| -- |
686##$aЩ943.1-043.3(4Г)$vLBC/SL$2rubbk |
| -- |
700#1$9z01790$aМалер$bГ.$gГустав$f1860-1911$3RU\NLR\AUTH\7718194$4230 |
| -- |
790#1$9z01700$aMahler$bG.$gGustav$f1860-1911$3RU\NLR\AUTH\770218884$4230 |
| Заглавие |
Не увидеться вновь |
| Автор |
Малер, Густав (1860-1911) |
| 464 #0 - АНАЛИТИЧЕСКИЙ УРОВЕНЬ |
| Встроенное поле |
2001#$aРоманс Маргариты$e(Любовь меня сжигает)$eиз драматической легенды "Осуждение Фауста", ч. 4 № 15$eop. 24$fГ. Берлиоз |
| -- |
50000$aОсуждение Фауста$iария маргариты$lдраматическая легенда$rмеццо-сопрано, оркестр |
| -- |
686##$aЩ943.1-071(4Фр)$vLBC/SL$2rubbk |
| -- |
700#1$9z01790$aБерлиоз$bГ. (. Э.$gГектор (Луи-Эктор)$f1803 - 1869$3RU\NLR\AUTH\779324$4230 |
| -- |
790#1$9z01700$aBerlioz$bL. H.$gLouis-Hector$f1863-1869$3RU\NLR\AUTH\779324$4230 |
| Заглавие |
Романс Маргариты |
| Автор |
Берлиоз, Гектор (Луи-Эктор) (1803 - 1869) |
| 464 #0 - АНАЛИТИЧЕСКИЙ УРОВЕНЬ |
| Встроенное поле |
2001#$aЛюбовь поэта$eвокальный цикл на стихи Г. Гейне$fР. Шуман |
| -- |
686##$aЩ943.1-043.2(4Г)$vLBC/SL$2rubbk |
| -- |
700#1$9z01790$aШуман$bР.$gРоберт$f1810-1856$3RU\NLR\AUTH\7718177$4230 |
| -- |
702#1$9z07790$aГейне$bГ.$gГенрих$f1797-1856$4520 |
| -- |
790#1$9z01700$aSchumann$bR.$gRobert$f1810-1856$3RU\NLR\AUTH\7718177$4230 |
| -- |
790#1$9z07702$aHeine$bH.$gHeinrich$f1797-1856$4520 |
| Заглавие |
Любовь поэта |
| Автор |
Шуман, Роберт (1810-1856) |
| 464 #0 - АНАЛИТИЧЕСКИЙ УРОВЕНЬ |
| Встроенное поле |
2001#$aHark! The Echoing Air a Triumph Sings$eАрия из оперы "Королева фей" (5 акт, № 48)$eZ. 629$fГ. Пёрселл |
| -- |
50000$aКоролева фей$iАрия$bЗвукозапись$h№ 48 акт 5$lопера$rсопрано и фп. |
| -- |
686##$aЩ943.1-071(4Вл)$vLBC/SL$2rubbk |
| -- |
700#1$9z01790$aПёрселл$bГ.$gГенри$fок. 1659-1695$4230 |
| -- |
790#1$9z01700$aPurcell$bH.$gHenry$fc. 1659-1695$4230 |
| Заглавие |
Hark! The Echoing Air a Triumph Sings |
| Автор |
Пёрселл, Генри (ок. 1659-1695) |
| 464 #0 - АНАЛИТИЧЕСКИЙ УРОВЕНЬ |
| Встроенное поле |
2001#$aАрия Лиу$eиз оперы "Турандот", (3д. сцена 1)$fД. Пуччини |
| -- |
50000$aТурандот$iАрия Лиу$bЗвукозапись$h3 д.$lопера$rсопрано и фп. |
| -- |
686##$aЩ943.1-071(4Ит)$vLBC/SL$2rubbk |
| -- |
700#1$9z01790$aПуччини$bД.$gДжакомо$f1858 - 1924$4230 |
| -- |
790#1$9z01700$aPuccini$bG.$gGiacomo$f1858 - 1924$4230 |
| Заглавие |
Ария Лиу |
| Автор |
Пуччини, Джакомо (1858 - 1924) |
| 464 #0 - АНАЛИТИЧЕСКИЙ УРОВЕНЬ |
| Встроенное поле |
2001#$aPolo$eиз цикла "Семь испанских народных песен"$fМ. де Фалья |
| -- |
686##$aЩ943.1-043.3(4Ис)$vLBC/SL$2rubbk |
| -- |
700#1$9z01790$aФалья$bМ.д$gМануэль де$f1876-1946$4230 |
| -- |
790#1$9z01700$aFalla$bM.de$gManuel de$f1876-1946$4230 |
| Заглавие |
Polo |
| Автор |
Фалья, Мануэль де (1876-1946) |
| 464 #0 - АНАЛИТИЧЕСКИЙ УРОВЕНЬ |
| Встроенное поле |
2001#$aХей-хо, хей-хай!$eиз цикла обработки нар. песен (т.2 № 8)$fБ. Бриттен |
| -- |
686##$aЩ943.1-092(4Вл)$vLBC/SL$2rubbk |
| -- |
700#1$9z02790$aБриттен$bБ.(Э.)$gБенджамин (Эдвард)$f1913-1976$4230 |
| -- |
790#1$9z02700$aBritten$bB.(E.)$gBenjamin (Edward)$f1913-1976$4230 |
| Заглавие |
Хей-хо, хей-хай! |
| Автор |
Бриттен, Бенджамин (Эдвард) (1913-1976) |
| 606 1# - НАИМЕНОВАНИЕ ТЕМЫ КАК ПРЕДМЕТ |
| Наименование темы |
Исполнительское искусство вокалисты |
| Тематический подзаголовок |
Звукозапись |
| Географический подзаголовок |
Канада |
| Хронологический подзаголовок |
20 в. |
| Код системы |
nlr_sh |
| 686 ## - ИНДЕКСЫ ДРУГИХ КЛАССИФИКАЦИЙ |
| Индекс |
Щ943.1, 8(3) |
| Издание |
LBC/SL |
| Код системы |
|
| 700 #1 - ИМЯ ЛИЦА - ПЕРВИЧНАЯ ОТВЕТСТВЕННОСТЬ |
| Системный номер авторитетной/нормативной записи |
z02790 |
| Начальный элемент ввода |
Маршал |
| Часть имени, кроме начального элемента ввода |
Л. |
| Даты |
1924-1997 |
| Расширение инициалов личного имени |
Луиз |
| Код отношения |
Исполнитель |
| 702 #1 - ИМЯ ЛИЦА - ВТОРИЧНАЯ ОТВЕТСТВЕННОСТЬ |
| Системный номер авторитетной/нормативной записи |
z03790 |
| Начальный элемент ввода |
Килберн |
| Часть имени, кроме начального элемента ввода |
У. |
| Даты |
1906-1986 |
| Расширение инициалов личного имени |
Уилдон |
| Код отношения |
Исполнитель |
| -- |
|
| 790 #1 - ИМЯ ЛИЦА - АЛЬТЕРНАТИВНАЯ ФОРМА |
| Системный номер авторитетной/нормативной записи |
z02700 |
| Начальный элемент ввода |
Marshall |
| Часть имени, кроме начального элемента ввода |
L. |
| Даты |
1924-1997 |
| Расширение инициалов личного имени |
Lois |
| Код отношения |
Исполнитель |
| 790 #1 - ИМЯ ЛИЦА - АЛЬТЕРНАТИВНАЯ ФОРМА |
| Системный номер авторитетной/нормативной записи |
z03702 |
| Начальный элемент ввода |
Kilburn |
| Часть имени, кроме начального элемента ввода |
W. |
| Даты |
1906-1986 |
| Расширение инициалов личного имени |
Weldon |
| Код отношения |
Исполнитель |
| -- |
|
| 801 #0 - ИСТОЧНИК ЗАПИСИ |
| Страна |
российская федерация |
| Организация |
NLR |
| Дата составления |
20161130 |
| Правила каталогизации |
PSBO |
| 801 #1 - ИСТОЧНИК ЗАПИСИ |
| Страна |
российская федерация |
| Организация |
NLR |
| Дата составления |
20161130 |
| Источник данных |
rusmarc |
| 801 #2 - ИСТОЧНИК ЗАПИСИ |
| Страна |
российская федерация |
| Организация |
NLR |
| Дата составления |
20161202 |
| 852 ## - МЕСТОНАХОЖДЕНИЕ И ШИФР ХРАНЕНИЯ |
| Идентификатор организации |
NLR |
| Наименование фонда или коллекции (Sub-Location Identifier) |
Мг |
| Шифр хранения (Call Number) |
Д/2083 |
| Страна |
|
| Номер экземпляра |
1 |
| 942 ## - ДОПОЛНИТЕЛЬНЫЕ ЭЛЕМЕНТЫ ЗАПИСИ (АБИС) |
| Тип экземпляра АБИС |
Звукозапись |
| 980 ## - КОЛЛЕКЦИЯ |
| Название коллекции |
Национальная библиография |
| 980 ## - КОЛЛЕКЦИЯ |
| Название коллекции |
Отдел нот и звукозаписей |